[Event "38th Reykjavik op"]
[Site "Reykjavik ISL"]
[Date "2025.04.09"]
[Round "1.176"]
[White "Zhang, Onno"]
[Black "Fisker, Bo Top"]
[WhiteElo "1843"]
[BlackElo "1451"]
[Result "1-0"]
[EventDate "2025.04.09"]
[PlyCount "67"]

1. e4 e5 2. Nf3 Nc6 3. d4 exd4 4. Bc4 h6 5. Nxd4 Ne5 6. Bb3 Nf6 7. O-O Bc5 8. Nc3
d6 9. Kh1 Bg4 10. f3 Bh5 11. Be3 c6 12. Qd2 Bb4 13. Nf5 Rh7 14. Rad1 Nxe4 15. fxe4
Bxd1 16. Rxd1 Qf6 17. Nxd6+ Qxd6 18. Qxd6 Bxd6 19. Rxd6 Ke7 20. Bc5 Ke8 21. Nd5 cxd5
22. Ba4+ Nc6 23. exd5 Rd8 24. dxc6 Rxd6 25. cxb7+ Ke7 26. b8=Q Kf6 27. Qxd6+ Kg5
28. Be3+ Kh5 29. Bc6 g5 30. Bf3+ g4 31. Bxg4+ Kxg4 32. Qf4+ Kh5 33. Qf5+ Kh4 34.
Bf2#  1-0

[Event "38th Reykjavik op"]
[Site "Reykjavik ISL"]
[Date "2025.04.09"]
[Round "1.177"]
[White "Sverrisson, Dagur"]
[Black "Yu, Tianxiang Carlos"]
[WhiteElo "1444"]
[BlackElo "1843"]
[Result "0-1"]
[EventDate "2025.04.09"]
[PlyCount "76"]

1. e4 c5 2. Nc3 g6 3. f4 Bg7 4. Nf3 Nc6 5. Bc4 e6 6. d3 Nge7 7. O-O O-O 8. Qe1 d5
9. Bb3 Nd4 10. Qh4 a6 11. f5 gxf5 12. Bh6 Ng6 13. Qh3 Nxf3+ 14. Rxf3 fxe4 15. dxe4
c4 16. Ba4 b5 17. exd5 exd5 18. Qh5 Be6 19. b3 bxa4 20. bxc4 dxc4 21. Ne4 Qd4+ 22.
Be3 Qxa1+ 23. Rf1 Qe5 24. Qxe5 Bxe5 25. Bh6 Bg7 26. Nf6+ Bxf6 27. Bxf8 Bd4+ 28. Kh1
Rxf8 29. Rd1 Rd8 30. c3 Bf6 31. Rc1 Bxc3 32. h3 Be5 33. Re1 Bg3 34. Rc1 c3 35. Kg1
c2 36. Kf1 Bc4+ 37. Kg1 Rd1+ 38. Rxd1 cxd1=Q#  0-1

[Event "38th Reykjavik op"]
[Site "Reykjavik ISL"]
[Date "2025.04.09"]
[Round "1.178"]
[White "Fernandez, Kenneth"]
[Black "Arnarson, Erlingur"]
[WhiteElo "1842"]
[BlackElo "1438"]
[Result "1-0"]
[EventDate "2025.04.09"]
[PlyCount "70"]

1. c4 Nf6 2. Nc3 e6 3. e4 Bb4 4. e5 Bxc3 5. bxc3 Ne4 6. Qg4 Ng5 7. h4 Nc6 8. Qxg5
f6 9. exf6 Qxf6 10. Qxf6 gxf6 11. Ba3 Ne5 12. d4 Ng4 13. Be2 h5 14. Bxg4 hxg4 15.
Ne2 b6 16. O-O-O Ba6 17. Rd2 Bxc4 18. Nf4 O-O-O 19. g3 Rdg8 20. Re1 f5 21. d5 Re8
22. dxe6 dxe6 23. Ng6 Rhg8 24. Ne7+ Rxe7 25. Bxe7 Rg7 26. Bf6 Rg6 27. Rd8+ Kb7 28.
Be5 Bxa2 29. Rd7 a5 30. Rxc7+ Ka6 31. Bf4 Bd5 32. h5 Rg8 33. h6 a4 34. h7 Rb8 35.
Ra7+ Kb5  1-0

[Event "38th Reykjavik op"]
[Site "Reykjavik ISL"]
[Date "2025.04.09"]
[Round "1.179"]
[White "Thorhallsson, Gunnar Thor"]
[Black "Muskens, Mink"]
[WhiteElo "1416"]
[BlackElo "1841"]
[Result "0-1"]
[EventDate "2025.04.09"]
[PlyCount "50"]

1. e4 c5 2. Nf3 d6 3. Bb5+ Nd7 4. d4 cxd4 5. Qxd4 Ngf6 6. O-O a6 7. Bd3 e6 8. Be3
Be7 9. Nbd2 O-O 10. c4 Ng4 11. Rfe1 Nc5 12. Be2 Bf6 13. e5 Nxe5 14. Nxe5 Bxe5 15.
Qg4 f5 16. Qh5 b6 17. Bg5 Qe8 18. Bf3 Bb7 19. Qh4 h6 20. Be3 Bxf3 21. Nxf3 Bxb2 22.
Rab1 Bf6 23. Qg3 Ne4 24. Qh3 b5 25. cxb5 axb5  0-1

[Event "38th Reykjavik op"]
[Site "Reykjavik ISL"]
[Date "2025.04.09"]
[Round "1.180"]
[White "Dembele, Marcel"]
[Black "Erlendsson Weinert, Robin Peter"]
[WhiteElo "1837"]
[BlackElo "1405"]
[Result "1-0"]
[EventDate "2025.04.09"]
[PlyCount "33"]

1. e4 c5 2. Nf3 Nc6 3. d4 cxd4 4. Nxd4 g6 5. Nc3 Bg7 6. Be3 e6 7. Ndb5 Bxc3+ 8. Nxc3
a6 9. Qd2 h6 10. O-O-O g5 11. f4 b6 12. fxg5 hxg5 13. Bxg5 Nge7 14. Nd5 exd5 15.
exd5 Ne5 16. d6 N5g6 17. Re1  1-0

[Event "38th Reykjavik op"]
[Site "Reykjavik ISL"]
[Date "2025.04.10"]
[Round "2.45"]
[White "Balyan, Vardan"]
[Black "Doran, Chris"]
[WhiteElo "1621"]
[BlackElo "1957"]
[Result "0-1"]
[EventDate "2025.04.09"]
[PlyCount "92"]

1. b3 g6 2. Bb2 Nf6 3. c4 Bg7 4. g3 d6 5. d4 O-O 6. Nf3 a6 7. Nc3 Nc6 8. Bg2 Rb8
9. O-O Bd7 10. d5 Na5 11. Qc2 c5 12. Ne4 Nxe4 13. Bxg7 Kxg7 14. Qxe4 b5 15. cxb5
axb5 16. Nd2 Re8 17. Qc2 Qb6 18. Rab1 Qa6 19. Rfc1 b4 20. Bf1 Bb5 21. e3 Ra8 22.
Ra1 Rec8 23. Qe4 Bxf1 24. Rxf1 Ra7 25. Rfc1 Rca8 26. Qc2 Qb5 27. Qb2+ f6 28. Nc4
Qb7 29. e4 Ra6 30. Nxa5 Rxa5 31. Qe2 Qa7 32. Rc2 Ra3 33. Rb2 Qc7 34. h4 c4 35. Qxc4
Qxc4 36. bxc4 b3 37. Rab1 bxa2 38. Ra1 R3a4 39. Rc2 f5 40. e5 dxe5 41. c5 Rc8 42.
c6 Kf7 43. Raxa2 Rxa2 44. Rxa2 e4 45. Rb2 Kf6 46. Kg2 Ke5  0-1

[Event "38th Reykjavik op"]
[Site "Reykjavik ISL"]
[Date "2025.04.10"]
[Round "2.98"]
[White "Kingsley, Elias"]
[Black "Haraldsson, Leif"]
[WhiteElo "2033"]
[BlackElo "1844"]
[Result "0-1"]
[EventDate "2025.04.09"]
[PlyCount "124"]

1. d4 d6 2. Nf3 Nd7 3. c4 c6 4. Nc3 e5 5. g3 g6 6. Bg2 Bg7 7. O-O Qe7 8. e4 Nh6
9. d5 c5 10. Bg5 f6 11. Bd2 O-O 12. Qc1 Nf7 13. Ne1 Nb6 14. b3 f5 15. Nd3 g5
16. exf5 Bxf5 17. Ne4 h6 18. h3 Nd7 19. f3 Nf6 20. Ndf2 Qd7 21. Kh2 Rae8 22.
Qe1 Re7 23. Qe2 Bg6 24. a3 b6 25. Qd3 Nh8 26. b4 Ref7 27. Rab1 Bh7 28. Nxf6+
Rxf6 29. Ne4 R6f7 30. bxc5 bxc5 31. Be3 Ng6 32. Qb3 Ne7 33. Bg1 g4 34. hxg4
Bxe4 35. fxe4 Qxg4 36. Qd1 Qxd1 37. Rfxd1 Nc8 38. Rdc1 Nb6 39. Rb3 Bf6 40. Bh3
Bg5 41. Rcc3 Kg7 42. Bf5 Bd2 43. Rc2 Bg5 44. Rb5 Rd8 45. Kg2 Rdf8 46. Ra5 Rb7
47. Ra6 Kf6 48. a4 Ke7 49. Kf3 Rfb8 50. Ke2 Na8 51. Kf3 Rb3+ 52. Kg4 R8b7 53.
a5 Ra3 54. Bc8 Rc7 55. Be6 Rb7 56. Rf2 Bf6 57. Rxf6 Kxf6 58. Bxc5 Rg7+ 59. Kh5
dxc5 60. Bc8+ Nb6 61. Kxh6 Raxg3 62. axb6 R3g6+ 0-1

[Event "38th Reykjavik op"]
[Site "Reykjavik ISL"]
[Date "2025.04.10"]
[Round "3.45"]
[White "Jonsson, Gauti Pall"]
[Black "Hagner, Bennet"]
[WhiteElo "2122"]
[BlackElo "2430"]
[Result "0-1"]
[EventDate "2025.04.09"]
[PlyCount "78"]

1. d4 Nf6 2. Nf3 d5 3. c3 e6 4. Bg5 h6 5. Bxf6 Qxf6 6. Nbd2 c5 7. e3 Nc6 8. Bb5
Bd6 9. Qe2 a6 10. Bxc6+ bxc6 11. e4 Qd8 12. O-O O-O 13. Rfd1 a5 14. Qe3 Qb6 15.
Nb3 c4 16. Nc5 a4 17. Rab1 Ra5 18. b4 axb3 19. axb3 Bxc5 20. dxc5 Qxc5 21. Qxc5
Rxc5 22. b4 Rb5 23. Nd4 Rb6 24. e5 f6 25. f4 g5 26. g3 Kf7 27. Ra1 gxf4 28.
Ra7+ Rb7 29. Rda1 fxe5 30. Nxc6 Kf6 31. gxf4 exf4 32. Ra8 Rg7+ 33. Kf2 Rfg8 34.
R1a7 Rg2+ 35. Kf3 Rxh2 36. Ne7 Rg3+ 37. Kxf4 Rhh3 38. Nc6 Rf3+ 39. Kg4 h5# 0-1

[Event "38th Reykjavik op"]
[Site "Reykjavik ISL"]
[Date "2025.04.10"]
[Round "3.46"]
[White "Weidenhoefer, Max"]
[Black "Stefansson, Hannes"]
[WhiteElo "2085"]
[BlackElo "2420"]
[Result "0-1"]
[EventDate "2025.04.09"]
[PlyCount "104"]

1. e4 c5 2. Nf3 e6 3. d4 cxd4 4. Nxd4 a6 5. Bd3 Bc5 6. Nb3 Ba7 7. O-O Ne7 8.
Nc3 Nbc6 9. Qe2 O-O 10. Be3 b5 11. a3 Ne5 12. Rad1 Qc7 13. a4 b4 14. Na2 Rb8
15. Nd4 d5 16. Bxa6 Bxa6 17. Qxa6 Ng4 18. e5 Nxe3 19. fxe3 Bxd4 20. exd4 Qxc2
21. Qd3 Qxa4 22. Nc1 Qb5 23. Qxb5 Rxb5 24. Nb3 Rc8 25. Rd2 Nf5 26. Rf3 h5 27.
g3 Rb6 28. Kf2 f6 29. exf6 gxf6 30. h3 Rbc6 31. g4 hxg4 32. hxg4 Nd6 33. Nc5
Rxc5 34. dxc5 Ne4+ 35. Ke3 Nxd2 36. Kxd2 Kf7 37. Rb3 Rxc5 38. Rxb4 e5 39. Rb7+
Kg6 40. Ke3 Rc4 41. Kf3 Rf4+ 42. Kg3 f5 43. gxf5+ Kxf5 44. b4 Ke4 45. b5 Rf3+
46. Kg2 Rb3 47. b6 d4 48. Kf2 Kd3 49. Re7 Rb2+ 50. Kf1 e4 51. b7 e3 52. Kg1 Kd2
0-1

[Event "38th Reykjavik op"]
[Site "Reykjavik ISL"]
[Date "2025.04.10"]
[Round "3.47"]
[White "Fantinel, Thibault"]
[Black "Ornolfsson, Magnus P."]
[WhiteElo "2411"]
[BlackElo "2174"]
[Result "1/2-1/2"]
[EventDate "2025.04.09"]
[PlyCount "63"]

1. Nf3 Nf6 2. c4 c6 3. g3 g6 4. b3 Bg7 5. Bb2 O-O 6. Bg2 d5 7. O-O a5 8. Nc3
Bf5 9. d3 Na6 10. cxd5 Nxd5 11. Qd2 Nxc3 12. Bxc3 Bxc3 13. Qxc3 Nc7 14. Rfc1
Qd6 15. Qb2 Rfd8 16. Rc4 Qf6 17. Qxf6 exf6 18. Nd2 Be6 19. Rcc1 a4 20. b4 a3
21. Nc4 Ra4 22. Rab1 Rd4 23. Bf1 Bxc4 24. Rxc4 Rxc4 25. dxc4 Na6 26. b5 Nb4 27.
bxc6 bxc6 28. Ra1 Nc2 29. Rc1 Nb4 30. Ra1 Nc2 31. Rc1 Nb4 32. Ra1 1/2-1/2

[Event "38th Reykjavik op"]
[Site "Reykjavik ISL"]
[Date "2025.04.10"]
[Round "3.48"]
[White "Thorhallsson, Throestur"]
[Black "Oskarsson, Markus Orri"]
[WhiteElo "2394"]
[BlackElo "2051"]
[Result "1-0"]
[EventDate "2025.04.09"]
[PlyCount "115"]

1. e4 e6 2. d4 d5 3. Nc3 dxe4 4. Nxe4 Bd7 5. Nf3 Bc6 6. Bd3 Nd7 7. O-O Ngf6 8.
Ng3 g6 9. c3 Bg7 10. Re1 O-O 11. h4 Ng4 12. Be4 Bxe4 13. Rxe4 Ndf6 14. Re1 Qd6
15. Qe2 Nd7 16. Ne4 Qb6 17. Bf4 e5 18. dxe5 Ngxe5 19. Rad1 Rfe8 20. Nxe5 Nxe5
21. h5 h6 22. hxg6 fxg6 23. Ng3 Kh7 24. Be3 Qc6 25. Bd4 Rad8 26. Qf1 a6 27. Re4
Nc4 28. Bxg7 Rxd1 29. Qxd1 Rxe4 30. Nxe4 Kxg7 31. Qd4+ Kf7 32. b3 Nb6 33. f3
Nd5 34. Qe5 Ne7 35. Qh8 Ng8 36. Qh7+ Kf8 37. g4 b5 38. Kg2 a5 39. Kh3 a4 40.
Kg2 axb3 41. axb3 Qd5 42. Qxg6 Qxb3 43. Qc6 Qc4 44. Qxc4 bxc4 45. Kf2 Kf7 46.
Ke3 Ne7 47. Kd4 Ng6 48. Nd2 Ke6 49. Nxc4 Nf4 50. Ne3 h5 51. gxh5 Nxh5 52. Kc5
Kd7 53. Kd5 Nf4+ 54. Ke5 Ne2 55. c4 Ke7 56. f4 c6 57. f5 Ng3 58. f6+ 1-0

[Event "38th Reykjavik op"]
[Site "Reykjavik ISL"]
[Date "2025.04.10"]
[Round "3.49"]
[White "Eedle, Eric F"]
[Black "Haug, Havard"]
[WhiteElo "1972"]
[BlackElo "2339"]
[Result "0-1"]
[EventDate "2025.04.09"]
[PlyCount "98"]

1. d4 Nf6 2. c4 e6 3. Nc3 d5 4. cxd5 exd5 5. Bg5 Be7 6. e3 O-O 7. Bd3 Re8 8.
Nge2 h6 9. Bh4 c6 10. O-O a5 11. Qc2 Na6 12. a3 Nc7 13. Rac1 Be6 14. Na4 Nh5
15. Bxe7 Qxe7 16. Ng3 Nf6 17. Qc5 Nd7 18. Qxe7 Rxe7 19. Nc5 Nxc5 20. Rxc5 Ne8
21. Rfc1 Nd6 22. Ne2 Bf5 23. Bxf5 Nxf5 24. Nf4 a4 25. Nd3 Nd6 26. R5c2 f6 27.
Kf1 Kf7 28. Re1 g5 29. h3 Kg6 30. Ree2 h5 31. g3 h4 32. g4 Nc4 33. Nc5 b6 34.
Nd3 Rae8 35. Kg2 Re6 36. Rc3 f5 37. Rec2 Re4 38. gxf5+ Kxf5 39. Rxc4 dxc4 40.
Rxc4 c5 41. Rxa4 cxd4 42. exd4 Rd8 43. Ra7 Rdxd4 44. Nb4 Rd2 45. Rf7+ Kg6 46.
Rc7 Rf4 47. Rc6+ Kh5 48. Rxb6 Rdxf2+ 49. Kg1 Rf1+ 0-1

[Event "38th Reykjavik op"]
[Site "Reykjavik ISL"]
[Date "2025.04.10"]
[Round "3.50"]
[White "Sivuk, Vitaly"]
[Black "Joel, Paul Ganta"]
[WhiteElo "2505"]
[BlackElo "2170"]
[Result "1-0"]
[EventDate "2025.04.09"]
[PlyCount "61"]

1. d4 Nf6 2. c4 g6 3. Nc3 d5 4. Bg5 Bg7 5. Bxf6 Bxf6 6. cxd5 c6 7. e4 cxd5 8.
e5 Bg7 9. h3 Nc6 10. Nf3 O-O 11. Bb5 f6 12. exf6 Bxf6 13. O-O e6 14. Bxc6 bxc6
15. Na4 Rb8 16. b3 Bg7 17. Rc1 Qd6 18. Rc3 Rb4 19. a3 Rb7 20. b4 Rbf7 21. Re1
Rf5 22. Nc5 e5 23. dxe5 Bxe5 24. Rce3 Bf4 25. Re7 R5f7 26. Rxf7 Rxf7 27. Qd4
Bh6 28. Re8+ Rf8 29. Ne4 Qf4 30. Nf6+ Kf7 31. Qxa7+ 1-0

[Event "38th Reykjavik op"]
[Site "Reykjavik ISL"]
[Date "2025.04.10"]
[Round "3.51"]
[White "Lindbergh, Theodor"]
[Black "Alfaro Guillen, Jose Raul"]
[WhiteElo "2264"]
[BlackElo "1956"]
[Result "0-1"]
[EventDate "2025.04.09"]
[PlyCount "72"]

1. d4 Nf6 2. c4 c5 3. d5 e6 4. Nc3 exd5 5. cxd5 d6 6. e4 g6 7. Be2 Bg7 8. Nf3
O-O 9. Be3 a6 10. a4 Bg4 11. Nd2 Bxe2 12. Qxe2 Nbd7 13. O-O Re8 14. Rfe1 Nh5
15. g4 Nhf6 16. f3 Qe7 17. a5 Rab8 18. Bf2 Ne5 19. h3 g5 20. Bg3 Nfd7 21. Nf1
Qf6 22. Nd2 Ng6 23. Kh2 Nf4 24. Qe3 Ne5 25. Ne2 Nxd5 26. Qb3 Nb4 27. f4 Ned3
28. e5 dxe5 29. fxg5 Qxg5 30. Ne4 Qg6 31. N2c3 Nxe1 32. Rxe1 Nc6 33. Rf1 Nd4
34. Qc4 b6 35. Rf2 b5 36. Qxc5 b4 0-1

[Event "38th Reykjavik op"]
[Site "Reykjavik ISL"]
[Date "2025.04.10"]
[Round "3.52"]
[White "Piacquadio, Riccardo Daniele"]
[Black "Ragnarsson, Dagur"]
[WhiteElo "1952"]
[BlackElo "2352"]
[Result "0-1"]
[EventDate "2025.04.09"]
[PlyCount "100"]

1. e4 e6 2. d4 d5 3. Nd2 h6 4. c3 c5 5. dxc5 Bxc5 6. exd5 exd5 7. Ngf3 Nf6 8.
Bb5+ Nc6 9. O-O O-O 10. Nb3 Bb6 11. h3 Qd6 12. Nbd4 Bd7 13. Nxc6 bxc6 14. Bd3
Rfe8 15. c4 Rad8 16. Qc2 Bxh3 17. Bf5 Bxf5 18. Qxf5 dxc4 19. Bf4 Qd3 20. Qh3
Re2 21. Qh4 Qf5 22. Rae1 Rde8 23. Be3 Rxe1 24. Rxe1 Re4 25. Qg3 Qe6 26. Nd2 Rg4
27. Qf3 Nd5 28. Nf1 Re4 29. Nd2 Rg4 30. Nf1 Nxe3 31. Nxe3 Re4 32. Kf1 Bxe3 33.
Rxe3 Rxe3 34. fxe3 Qf6 35. Qxf6 gxf6 36. Kf2 Kg7 37. Kf3 f5 38. Kf4 Kf6 39. a3
Ke6 40. e4 fxe4 41. Kxe4 h5 42. a4 c5 43. a5 a6 44. g3 f5+ 45. Kf4 Kf6 46. Ke3
Kg5 47. Kf2 f4 48. gxf4+ Kf5 49. Kg3 Ke4 50. Kh4 Kxf4 0-1

[Event "38th Reykjavik op"]
[Site "Reykjavik ISL"]
[Date "2025.04.10"]
[Round "3.53"]
[White "Schreidl, Michael"]
[Black "Mathews, Hans-Christian"]
[WhiteElo "1949"]
[BlackElo "2196"]
[Result "0-1"]
[EventDate "2025.04.09"]
[PlyCount "104"]

1. d4 d5 2. Nf3 Nf6 3. g3 e6 4. Bg2 c5 5. O-O Nc6 6. b3 cxd4 7. Nxd4 Bc5 8.
Nxc6 bxc6 9. c4 O-O 10. Qc2 Qb6 11. Nc3 Be7 12. Na4 Qd8 13. Rd1 Bb7 14. Bb2 Rc8
15. e4 Qc7 16. Rac1 dxe4 17. Bxe4 Nxe4 18. Qxe4 c5 19. Qe5 Qxe5 20. Bxe5 Rfd8
21. Bf4 Bc6 22. Nc3 Bf3 23. Rxd8+ Rxd8 24. Na4 Bc6 25. Nb2 Bf6 26. Rd1 Rxd1+
27. Nxd1 Bf3 28. Be3 Bxd1 29. Bxc5 a6 30. Kf1 Bf3 31. b4 Bc6 32. Ke2 g6 33. f4
e5 34. fxe5 Bxe5 35. Kd3 f6 36. Be3 Kf7 37. Kc2 Ba4+ 38. Kd3 Ke6 39. Bd2 h5 40.
Be1 g5 41. h3 Kf5 42. Ke3 Bc6 43. Kd3 Bg2 44. c5 Bf1+ 45. Ke3 Bxh3 46. a4 Bf1
47. b5 axb5 48. a5 b4 49. Bxb4 Bxg3 50. Kf3 Bc7 51. Kf2 Bb5 52. Kg2 g4 0-1

[Event "38th Reykjavik op"]
[Site "Reykjavik ISL"]
[Date "2025.04.10"]
[Round "3.54"]
[White "De Kaey, Pascal"]
[Black "Ternault, Mathieu"]
[WhiteElo "1944"]
[BlackElo "2301"]
[Result "0-1"]
[EventDate "2025.04.09"]
[PlyCount "124"]

1. e4 Nc6 2. Nf3 d6 3. c3 Nf6 4. Qc2 g6 5. d4 Bg7 6. Be2 O-O 7. O-O e5 8. dxe5
dxe5 9. Bb5 Bd7 10. Rd1 Qe7 11. b3 Nb4 12. cxb4 Bxb5 13. Nc3 Bd7 14. Bg5 c6 15.
h3 Rfd8 16. a3 h6 17. Be3 Nh5 18. Rac1 Qf6 19. Nd2 Nf4 20. Nc4 Qg5 21. Bxf4
exf4 22. Rd3 Be6 23. Rcd1 Rxd3 24. Rxd3 Kh7 25. Qd2 h5 26. Ne2 Bh6 27. Nd4 Bxc4
28. bxc4 Qe7 29. Nf3 Qxe4 30. Rd7 Rf8 31. Qd6 Kg8 32. Rxb7 Qxc4 33. Rxa7 Bg7
34. a4 Re8 35. Re7 Ra8 36. a5 Bf8 37. Ne5 Bxe7 38. Qxe7 Qd5 39. Nd7 Qe6 40.
Qxe6 fxe6 41. Ne5 c5 42. bxc5 Kh7 43. Nd3 g5 44. Kf1 Rxa5 45. h4 f3 46. gxf3
gxh4 47. Kg2 Ra3 48. Nf4 e5 49. Ne6 Kg6 50. f4 Kf5 51. Ng7+ Kxf4 52. Nxh5+ Kg5
53. Ng7 Kg4 54. Ne8 Rc3 55. Nd6 Rxc5 56. f3+ Kf4 57. Ne4 Rc2+ 58. Kh3 Kxf3 59.
Ng5+ Kf4 60. Ne6+ Ke3 61. Kxh4 Rg2 62. Kh3 Rg8 0-1

[Event "38th Reykjavik op"]
[Site "Reykjavik ISL"]
[Date "2025.04.10"]
[Round "3.55"]
[White "Haertig, Jens"]
[Black "Nguyen, Paul"]
[WhiteElo "2149"]
[BlackElo "1936"]
[Result "0-1"]
[EventDate "2025.04.09"]
[PlyCount "125"]

1. c4 e6 2. Nf3 d5 3. d4 c5 4. cxd5 exd5 5. g3 Nf6 6. Bg2 Nc6 7. O-O Be7 8.
Nbd2 O-O 9. dxc5 Bxc5 10. Nb3 Bb6 11. Nbd4 Re8 12. Re1 Bg4 13. Nxc6 bxc6 14.
Qc2 Ne4 15. Rf1 Qd7 16. Bf4 Bf5 17. Qd1 Bh3 18. Rc1 Bxg2 19. Kxg2 Re6 20. Nd4
Rg6 21. f3 Nd6 22. Qd3 Bxd4 23. Qxd4 Nf5 24. Qd2 h6 25. e4 Ne7 26. Be5 Re6 27.
Bc3 Qe8 28. Rce1 dxe4 29. fxe4 Rd8 30. Qf2 Rd7 31. Re2 Nd5 32. Bd4 Rxe4 33.
Rfe1 Rde7 34. Rxe4 Rxe4 35. Rxe4 Qxe4+ 36. Kg1 Qb1+ 37. Kg2 Qxa2 38. Bxa7 Qc4
39. Qd4 Qb3 40. Bc5 f5 41. Qf2 Nf6 42. Qxf5 Qxb2+ 43. Kh3 Qb7 44. Kg2 Qd7 45.
Qc2 Qd5+ 46. Kg1 Ne4 47. Be3 c5 48. Kf1 c4 49. Ke2 Nf6 50. Kf1 Ng4 51. Bg1 Ne5
52. Qe2 Qf3+ 53. Ke1 Nd3+ 54. Kd1 Qd5 55. Kc2 Ne5 56. Kc3 Qa5+ 57. Kd4 Qa7+ 58.
Kc3 Qa1+ 59. Kb4 Qb1+ 60. Ka5 Nc6+ 61. Ka6 Nb4+ 62. Ka5 Qa2+ 63. Kxb4 0-1

[Event "38th Reykjavik op"]
[Site "Reykjavik ISL"]
[Date "2025.04.10"]
[Round "3.56"]
[White "Teichmann, Alexander"]
[Black "Savidge, Daniel"]
[WhiteElo "1934"]
[BlackElo "2180"]
[Result "0-1"]
[EventDate "2025.04.09"]
[PlyCount "64"]

1. e4 g6 2. d4 Bg7 3. Nc3 d6 4. Be3 a6 5. Qd2 b5 6. O-O-O Bb7 7. f3 Nd7 8. g4
h6 9. h4 Ngf6 10. h5 g5 11. Nce2 Nb6 12. Ng3 Nfd7 13. Nh3 c5 14. Nf5 Bf6 15.
Kb1 Qc7 16. Be2 c4 17. c3 Na4 18. Nf2 e6 19. Nxh6 Rxh6 20. Bxg5 Rh8 21. Bxf6
Nxf6 22. Qf4 Ng8 23. g5 e5 24. dxe5 dxe5 25. Qg3 Bc8 26. Rd5 Be6 27. Rxe5 O-O-O
28. Rd1 Ne7 29. f4 Nc6 30. Red5 Bxd5 31. exd5 Ne7 32. Bf3 Nb6 0-1

[Event "38th Reykjavik op"]
[Site "Reykjavik ISL"]
[Date "2025.04.10"]
[Round "3.57"]
[White "Vroombout, Enrico"]
[Black "Kirk, Eden"]
[WhiteElo "2161"]
[BlackElo "1933"]
[Result "1-0"]
[EventDate "2025.04.09"]
[PlyCount "91"]

1. e4 c5 2. Nf3 d6 3. d4 cxd4 4. Nxd4 Nf6 5. Nc3 a6 6. Be2 e5 7. Nb3 Be7 8. O-O
O-O 9. Be3 Be6 10. f4 exf4 11. Rxf4 Nc6 12. Nd5 Nd7 13. Nxe7+ Qxe7 14. Qd2 Nce5
15. Rd1 Bc4 16. Bf3 Ng6 17. Rf5 Be6 18. Rg5 Nge5 19. Be2 Nc4 20. Bxc4 Bxc4 21.
Qd4 Rac8 22. Nd2 b5 23. a4 f6 24. Rg3 Rfe8 25. Ra1 Qe6 26. b3 Be2 27. c3 Ne5
28. axb5 axb5 29. Ra6 Rc6 30. Ra7 Re7 31. Bf4 Rcc7 32. Ra8+ Kf7 33. Rb8 Rcd7
34. Rb6 g5 35. Bxg5 fxg5 36. Qf2+ Kg6 37. Qxe2 h5 38. Nf3 Nxf3+ 39. gxf3 Qxb3
40. Rxb5 Qxc3 41. Rgxg5+ Kh7 42. Rxh5+ Kg8 43. Rb8+ Kf7 44. Rf5+ Ke6 45. Qa2+
d5 46. Rb6+ 1-0

[Event "38th Reykjavik op"]
[Site "Reykjavik ISL"]
[Date "2025.04.10"]
[Round "3.58"]
[White "Solano, Juan Pablo"]
[Black "Aeschbacher, Dimitri"]
[WhiteElo "1929"]
[BlackElo "2142"]
[Result "0-1"]
[EventDate "2025.04.09"]
[PlyCount "120"]

1. d4 Nf6 2. c4 e6 3. Nf3 Bb4+ 4. Bd2 a5 5. a3 Bxd2+ 6. Qxd2 O-O 7. Nc3 d6 8.
g3 Re8 9. Bg2 Qe7 10. O-O c6 11. Rfd1 Nbd7 12. h3 Nb6 13. b3 a4 14. Qc2 axb3
15. Qxb3 Nbd7 16. e4 e5 17. dxe5 dxe5 18. Qb4 b6 19. Qd6 Bb7 20. a4 h6 21. Rab1
Ra5 22. Qc7 Ba6 23. Bf1 Rc8 24. Qd6 Qxd6 25. Rxd6 Kf8 26. Nd2 Ke7 27. Rxf6 gxf6
28. Nb3 Nc5 29. Nxa5 bxa5 30. Rb6 Kd7 31. Rb2 Kc7 32. f4 Re8 33. Rf2 Nd7 34.
fxe5 Rxe5 35. Rf4 Rc5 36. Rf5 Kd6 37. Kf2 Bxc4 38. e5+ Rxe5 39. Rxe5 Nxe5 40.
Ne4+ Ke6 41. Nc5+ Kd5 42. Nb7 Bxf1 43. Kxf1 Kc4 44. Nxa5+ Kb4 45. Nb7 Kxa4 46.
Ke2 Kb4 47. Nd6 c5 48. Nf5 h5 49. Ng7 Kb3 50. Nxh5 c4 51. Nf4 c3 52. Ke3 c2 53.
Ne2 Kb2 54. h4 Nc4+ 55. Kd3 Nd6 56. g4 Nb5 57. Kd2 Nc3 58. Nc1 Ne4+ 59. Kd3
Kxc1 60. h5 Kb2 0-1

[Event "38th Reykjavik op"]
[Site "Reykjavik ISL"]
[Date "2025.04.10"]
[Round "3.59"]
[White "Jaksland, Tim"]
[Black "Landmark, Gabriel"]
[WhiteElo "2140"]
[BlackElo "1927"]
[Result "1/2-1/2"]
[EventDate "2025.04.09"]
[PlyCount "57"]

1. e4 c5 2. c3 Nc6 3. d4 cxd4 4. cxd4 d5 5. exd5 Qxd5 6. Nf3 Bg4 7. Nc3 Bxf3 8.
gxf3 Qxd4 9. Qxd4 Nxd4 10. Nb5 Ne6 11. Bc4 a6 12. Bxe6 axb5 13. Bd5 e6 14. Bxb7
Bb4+ 15. Ke2 Rb8 16. Bc6+ Ke7 17. Be3 Nf6 18. Rac1 Rhd8 19. a3 Bd6 20. Ba7 Rbc8
21. Bb6 Rh8 22. Be3 Rb8 23. Rhd1 Rhd8 24. Ba7 Rbc8 25. Bb6 Rh8 26. h4 Nd5 27.
Be3 Nxe3 28. fxe3 Be5 29. Bxb5 1/2-1/2

[Event "38th Reykjavik op"]
[Site "Reykjavik ISL"]
[Date "2025.04.10"]
[Round "3.60"]
[White "Sleczka, Bartosz"]
[Black "Birkisson, Bjoern Holm"]
[WhiteElo "1920"]
[BlackElo "2154"]
[Result "1/2-1/2"]
[EventDate "2025.04.09"]
[PlyCount "93"]

1. d4 Nf6 2. Nc3 d5 3. Bg5 Nbd7 4. f3 c5 5. e4 cxd4 6. Bxf6 dxc3 7. Bxc3 dxe4
8. fxe4 e5 9. Nf3 Qb6 10. Qd2 Bc5 11. Bc4 O-O 12. Qe2 Bb4 13. Bxb4 Qxb4+ 14. c3
Qe7 15. O-O Nb6 16. Bb3 Be6 17. Bxe6 Qxe6 18. b3 Rad8 19. Rad1 Qe7 20. Qb5 f6
21. a4 Qe8 22. Rxd8 Qxd8 23. a5 Qd7 24. Qe2 Na8 25. Qc4+ Rf7 26. b4 Nc7 27. Qb3
Qe6 28. Qxe6 Nxe6 29. g3 Rc7 30. Rc1 Nd4 31. Kf2 Nb5 32. c4 Nd6 33. Nd2 Kf7 34.
Ke3 Ke6 35. Kd3 h5 36. Nb3 g6 37. Nc5+ Ke7 38. Nb3 f5 39. Nd2 Rd7 40. Ke3 Ke6
41. c5 Nxe4 42. Nxe4 fxe4 43. b5 Kf5 44. Rf1+ Ke6 45. Rc1 Kf5 46. Rf1+ Ke6 47.
Rc1 1/2-1/2

[Event "38th Reykjavik op"]
[Site "Reykjavik ISL"]
[Date "2025.04.10"]
[Round "3.61"]
[White "Le Pen, Steven"]
[Black "Maton, Emily"]
[WhiteElo "2125"]
[BlackElo "1912"]
[Result "0-1"]
[EventDate "2025.04.09"]
[PlyCount "110"]

1. e4 c5 2. Nf3 e6 3. d4 cxd4 4. Nxd4 Nf6 5. Nc3 Nc6 6. Ndb5 Bc5 7. Nd6+ Ke7 8.
Bf4 e5 9. Nf5+ Kf8 10. Bg5 d6 11. Bc4 Be6 12. Bb3 h6 13. Bxf6 Qxf6 14. Nd5 Bxd5
15. Qxd5 g6 16. Ne3 Ne7 17. Qxb7 Kg7 18. O-O Rab8 19. Qa6 Qf4 20. Qd3 Rb4 21.
Nc4 f5 22. exf5 Nxf5 23. c3 Rbb8 24. Nd2 Nh4 25. Ne4 Qg4 26. Ng3 Nf5 27. Qe4 h5
28. Qxg4 hxg4 29. Ne4 Rh5 30. Nxc5 dxc5 31. f3 gxf3 32. Rxf3 c4 33. Bxc4 Rxb2
34. Raf1 Rh4 35. Bb3 a5 36. R3f2 Rxf2 37. Rxf2 Re4 38. g3 Re1+ 39. Rf1 Re2 40.
Rf2 Re1+ 41. Kg2 e4 42. Be6 Ne3+ 43. Kh3 Nd1 44. Rf7+ Kh6 45. c4 e3 46. Re7 e2
47. Bg8 Nc3 48. Kg4 g5 49. c5 Rf1 50. c6 e1=Q 51. Rxe1 Rxe1 52. c7 Re4+ 53. Kf5
Re8 54. Be6 Nb5 55. c8=N Nd4+ 0-1

[Event "38th Reykjavik op"]
[Site "Reykjavik ISL"]
[Date "2025.04.10"]
[Round "3.62"]
[White "Ragnarsson, Johann"]
[Black "Zhou, Guijue"]
[WhiteElo "1908"]
[BlackElo "2127"]
[Result "0-1"]
[EventDate "2025.04.09"]
[PlyCount "102"]

1. d4 Nf6 2. c4 g6 3. Nc3 d5 4. Bf4 Bg7 5. e3 O-O 6. Rc1 Be6 7. Nf3 c6 8. Ng5
Bd7 9. cxd5 cxd5 10. Qb3 Bc6 11. h3 Nbd7 12. Be2 h6 13. Nf3 e6 14. O-O Ne4 15.
Rfd1 a6 16. Nxe4 dxe4 17. Nd2 Nb6 18. Nc4 Nd5 19. Bh2 Qd7 20. Nb6 Nxb6 21. Qxb6
Rfc8 22. Rc3 Bd5 23. Rdc1 Rxc3 24. Rxc3 Rc8 25. Bc7 f5 26. a3 Kh7 27. Bd6 Bc6
28. Bg3 g5 29. Be5 Bxe5 30. dxe5 Kg6 31. Kh2 h5 32. Qc5 h4 33. b4 Qd5 34. b5
axb5 35. Bxb5 Bd7 36. Qxd5 exd5 37. Rxc8 Bxc8 38. f4 exf3 39. Be8+ Kg7 40. gxf3
f4 41. exf4 gxf4 42. Kg2 Kf8 43. Bh5 Ke7 44. Bg4 Bxg4 45. fxg4 Ke6 46. Kf3 Kxe5
47. a4 d4 48. Ke2 Ke4 49. a5 f3+ 50. Kf2 d3 51. g5 d2 0-1